| 000 | 00000cam 2200000za 4500 |
| 001 | 9.856653 |
| 003 | CaOODSP |
| 005 | 20221107155600 |
| 007 | cr ||||||||||| |
| 008 | 180516s1991 oncab #o f00| 0 fre d |
| 040 | |aCaOODSP|bfre |
| 043 | |an-cn-on|an-cn-qu |
| 086 | 1 |aCW69-1/70F-PDF |
| 245 | 04|aLes habitats côtiers du nord-est de la baie James |h[ressource électronique] / |cN. Dignard ... [et al.]. |
| 260 | |a[Ottawa] : |bService canadien de la faune, |cc1991. |
| 300 | |a30, [1] p. : |bill., cartes. |
| 490 | 1 |aPublication hors-série ; |vn° 70 |
| 500 | |aÉdition numérisée de l’imprimé [par Environnement et Changement climatique Canada]. |
| 500 | |aPublié aussi en anglais sous le titre : Habitats of the northeast coast of James Bay. |
| 504 | |aComprend des références bibliographiques. |
| 520 | 3 |a« Cette publication décrit les habitats de la côte nord est de la baie James et fait état de leur utilisation potentielle par la sauvagine »--Résumé. |
| 692 | 07|2gccst|aOiseau aquatique |
| 692 | 07|2gccst|aHabitat |
| 692 | 07|2gccst|aLittoral |
| 700 | 1 |aDignard, Norman, |d1957- |
| 710 | 1 |aCanada. |bEnvironnement Canada. |
| 710 | 2 |aService canadien de la faune. |
| 775 | 08|tHabitats of the northeast coast of James Bay |w(CaOODSP)9.855987 |
| 830 | #0|aPublication hors-série (Service canadien de la faune)|vn° 70|w(CaOODSP)9.501188 |
| 856 | 40|qPDF|s6.08 Mo|uhttps://publications.gc.ca/collections/collection_2018/eccc/CW69-1-70-fra.pdf |